[Event "Bled Olympiad"]
[Site "Bled SLO"]
[Date "2002.11.01"]
[EventDate "2002.10.26"]
[Round "7"]
[Result "1-0"]
[White "Colin A McNab"]
[Black "Marco Pacheco"]
[WhiteElo "2406"]
[BlackElo "2284"]
[PlyCount "119"]

1. c4 e5 2. Nc3 Nf6 3. Nf3 Nc6 4. g3 Bc5 5. Bg2 O-O 6. O-O d6
7. d3 a6 8. Bg5 h6 9. Bxf6 Qxf6 10. Ne4 Qe7 11. Nxc5 dxc5
12. Nd2 Bd7 13. a3 Rab8 14. Ne4 Nd4 15. e3 Nf5 16. Nc3 Be6
17. Qc2 Rfd8 18. Rfd1 c6 19. Ne4 b6 20. Qc3 Bd7 21. b4 Nd6
22. Nd2 Nb7 23. Nb3 Bg4 24. Rd2 Qc7 25. d4 exd4 26. exd4 cxd4
27. Nxd4 c5 28. Nc6 Rxd2 29. Nxb8 Re2 30. Nxa6 Qe7 31. Nb8 Nd6
32. Nc6 Qe8 33. Qd3 Re1+ 34. Rxe1 Qxe1+ 35. Qf1 Qc3 36. h3 Bh5
37. Ne7+ Kf8 38. Nd5 Qxc4 39. Nxb6 Qxf1+ 40. Bxf1 cxb4
41. axb4 Bf3 42. Bg2 Be2 43. f4 Ke7 44. Kf2 Bb5 45. Nd5+ Kd7
46. Nc3 Bc4 47. g4 Ke6 48. Ke3 f5 49. Kd4 Ba6 50. Bd5+ Kf6
51. Kc5 Ne8 52. Bc6 Kf7 53. b5 Bc8 54. b6 fxg4 55. hxg4 Nf6
56. Kd6 Ba6 57. Kc7 Ne8+ 58. Bxe8+ Kxe8 59. Ne4 Ke7 60. Nc5
1-0

[Event "Bled Olympiad"]
[Site "Bled SLO"]
[Date "2002.11.01"]
[EventDate "2002.10.26"]
[Round "7"]
[Result "1/2-1/2"]
[White "Mario Belli Pino"]
[Black "John K Shaw"]
[WhiteElo "2401"]
[BlackElo "2484"]
[PlyCount "90"]

1. d4 d5 2. Nf3 Nf6 3. c4 c6 4. e3 Bg4 5. cxd5 Bxf3 6. Qxf3
cxd5 7. Nc3 Nc6 8. Bd3 e6 9. O-O Be7 10. Bd2 O-O 11. Qe2 Nb4
12. Bb1 Rc8 13. Rc1 g6 14. a3 Nc6 15. Ba2 Qd7 16. Be1 a6
17. Rc2 b5 18. Rac1 Qb7 19. b4 Nb8 20. Bb3 Nbd7 21. Na2 Nb6
22. Rxc8 Rxc8 23. Rxc8+ Qxc8 24. Qc2 Qxc2 25. Bxc2 Kf8 26. Kf1
Ke8 27. Ke2 Kd7 28. Bd2 h5 29. f3 Ne8 30. e4 dxe4 31. fxe4 Nd6
32. Nc3 Ndc4 33. Bc1 Kc6 34. Kd3 a5 35. bxa5 Nxa5 36. Bd1 Nac4
37. Nb1 Bf8 38. Bf3 Be7 39. h3 Bf8 40. g4 hxg4 41. hxg4 Be7
42. Kc3 Na4+ 43. Kb3 Na5+ 44. Kc2 Nc4 45. Kb3 Na5+ 1/2-1/2

[Event "Bled Olympiad"]
[Site "Bled SLO"]
[Date "2002.11.01"]
[EventDate "2002.10.26"]
[Round "7"]
[Result "1/2-1/2"]
[White "Oswaldo Zambrana"]
[Black "Luc Winants"]
[WhiteElo "2389"]
[BlackElo "2504"]
[PlyCount "106"]

1. e4 e5 2. Nf3 Nc6 3. Bc4 Bc5 4. d3 Nf6 5. Nc3 d6 6. Be3 Bb4
7. h3 O-O 8. O-O Bxc3 9. bxc3 Ne7 10. Nh4 d5 11. exd5 Nexd5
12. Bd2 e4 13. Re1 Re8 14. dxe4 Rxe4 15. Rxe4 Nxe4 16. Nf3 Be6
17. Qe1 Nxd2 18. Qxd2 c6 19. Nd4 Nc7 20. Bxe6 Nxe6 21. Rd1 Nc5
22. Nb3 Qxd2 23. Rxd2 Ne4 24. Rd7 b6 25. c4 c5 26. a4 h5
27. a5 bxa5 28. Nxa5 h4 29. Re7 f5 30. Kf1 Rd8 31. Nb3 Rd1+
32. Ke2 Rg1 33. Rxa7 Rxg2 34. Ke3 Nxf2 35. Nxc5 Nxh3 36. Ne6
f4+ 37. Ke4 Ng5+ 38. Nxg5 Rxg5 39. Kxf4 Rg2 40. c5 h3 41. c6
h2 42. Ra1 Rxc2 43. Kg3 Kf7 44. c7 Kg6 45. c8=Q Rxc8 46. Kxh2
Kh5 47. Ra2 g5 48. Kg2 Kh4 49. Ra4+ g4 50. Ra2 Rc3 51. Rb2
Rg3+ 52. Kh2 Re3 53. Kg2 Kg5 1/2-1/2

[Event "Bled Olympiad"]
[Site "Bled SLO"]
[Date "2002.11.01"]
[EventDate "2002.10.26"]
[Round "7"]
[Result "1/2-1/2"]
[White "Rafael Duailibe Leitao"]
[Black "Meilis Annaberdiev"]
[WhiteElo "2548"]
[BlackElo "2305"]
[PlyCount "55"]

1. e4 c6 2. d4 d5 3. Nc3 dxe4 4. Nxe4 Bf5 5. Ng3 Bg6 6. h4 h6
7. Nf3 Nd7 8. h5 Bh7 9. Bd3 Bxd3 10. Qxd3 e6 11. Bf4 Qa5+
12. Bd2 Qc7 13. O-O-O Ngf6 14. Ne4 O-O-O 15. g3 Nc5 16. Nxc5
Bxc5 17. c4 Rhe8 18. Bc3 Bd6 19. Qe2 Qe7 20. Ne5 Nd7 21. a3
Nxe5 22. dxe5 Bc5 23. f4 Rxd1+ 24. Rxd1 Rd8 25. Kc2 Rxd1
26. Qxd1 g6 27. Qg4 Qe8 28. Bb4 1/2-1/2

[Event "Bled Olympiad"]
[Site "Bled SLO"]
[Date "2002.11.01"]
[EventDate "2002.10.26"]
[Round "7"]
[Result "1/2-1/2"]
[White "Artek Ovezov"]
[Black "Henrique Mecking"]
[WhiteElo "2353"]
[BlackElo "2548"]
[PlyCount "104"]

1. e4 c5 2. Nf3 Nc6 3. d4 cxd4 4. Nxd4 Nf6 5. Nc3 e5 6. Ndb5
d6 7. Bg5 a6 8. Na3 b5 9. Nd5 Be7 10. Bxf6 Bxf6 11. g3 O-O
12. Bg2 Bg5 13. O-O Ne7 14. Nxe7+ Bxe7 15. c4 Bd7 16. Re1 Rb8
17. cxb5 axb5 18. Nc2 Be6 19. Ne3 Qb6 20. Kh1 Bg5 21. h4 Bxe3
22. Rxe3 Rfc8 23. Qd2 Rc6 24. b3 b4 25. Rc1 Qd4 26. Rd1 Qxd2
27. Rxd2 Kf8 28. f4 f6 29. f5 Bf7 30. g4 h6 31. g5 hxg5
32. hxg5 fxg5 33. Rg3 Ra8 34. Rxg5 Rca6 35. Rg3 Ke7 36. Rxg7
Rxa2 37. Rd3 Rb2 38. Rh7 Rg8 39. Bf3 Rb1+ 40. Kh2 Rb2+ 41. Kh3
Rg1 42. Rd1 Rxd1 43. Bxd1 Kf8 44. Rh8+ Kg7 45. Rb8 Rd2 46. Bg4
Rd4 47. Kh4 Kf6 48. Rh8 Kg7 49. Rd8 Kf6 50. Rh8 Kg7 51. Rd8
Kf6 52. Rh8 Kg7 1/2-1/2

[Event "Bled Olympiad"]
[Site "Bled SLO"]
[Date "2002.11.01"]
[EventDate "2002.10.26"]
[Round "7"]
[Result "1-0"]
[White "Darcy Gustavo Machado Vieira Lima"]
[Black "Handszar Odeev"]
[WhiteElo "2533"]
[BlackElo "2461"]
[PlyCount "145"]

1. g3 g6 2. Bg2 Bg7 3. e4 c5 4. Ne2 Nc6 5. c4 d6 6. Nbc3 Bd7
7. d3 Nf6 8. O-O Qc8 9. Nf4 O-O 10. Rb1 Rb8 11. Bd2 a6 12. a3
b5 13. cxb5 axb5 14. b4 Qa6 15. Re1 Ng4 16. Nfd5 Qa7 17. Rf1
Bd4 18. Be1 Nge5 19. Kh1 c4 20. dxc4 Nxc4 21. a4 bxa4 22. b5
N6e5 23. Rb4 a3 24. f4 a2 25. Nxa2 Bxb5 26. fxe5 dxe5 27. Nac3
Ba6 28. Qf3 Nd6 29. Ra4 Rfe8 30. Bd2 Qb7 31. Rfa1 Bc4 32. Rb4
Qd7 33. Rxb8 Rxb8 34. Bf1 Nxe4 35. Bxc4 Nxd2 36. Qd3 Nxc4
37. Qxc4 Kg7 38. Rd1 Rc8 39. Qb5 Qg4 40. Qe2 Qe6 41. Rd3 Qf5
42. Nxe7 Qd7 43. Nxc8 Qxc8 44. Rxd4 exd4 45. Qe5+ f6 46. Qxd4
Qc6+ 47. Kg1 Qf3 48. Nd5 Qf5 49. Qa7+ Kh6 50. Qe3+ g5 51. Qd4
Kg7 52. g4 Qb1+ 53. Kg2 Qc2+ 54. Kg3 Qb3+ 55. Ne3 Qb8+ 56. Kg2
Qb7+ 57. Qd5 Qb2+ 58. Kf3 Qb8 59. Qd7+ Kg6 60. Qd3+ Kg7
61. Nf5+ Kh8 62. Qd6 Qb3+ 63. Ke4 Qc4+ 64. Qd4 Qe6+ 65. Kd3
Qb3+ 66. Kd2 Qa2+ 67. Kc3 Qa3+ 68. Kc4 Qa4+ 69. Kc5 Qa7+
70. Kd6 Qf7 71. Qe3 h5 72. Qe7 Qg6 73. Ke6 1-0

[Event "Bled Olympiad"]
[Site "Bled SLO"]
[Date "2002.11.01"]
[EventDate "2002.10.26"]
[Round "7"]
[Result "1-0"]
[White "Amanmurad Kakageldyev"]
[Black "Giovanni Portilho Vescovi"]
[WhiteElo "2468"]
[BlackElo "2614"]
[PlyCount "83"]

1. d4 Nf6 2. c4 e6 3. Nc3 Bb4 4. Qc2 O-O 5. a3 Bxc3+ 6. Qxc3
b6 7. Bg5 Bb7 8. e3 d6 9. Nf3 Nbd7 10. Be2 Rc8 11. Bh4 c5
12. dxc5 Nxc5 13. O-O Nfe4 14. Qe1 Qd7 15. Rd1 f6 16. Nd2 Rfd8
17. Nxe4 Bxe4 18. b4 Na4 19. f3 Bb7 20. e4 Qc7 21. Rc1 a6
22. Bf2 Bc6 23. Qd2 Qe7 24. Rfd1 Be8 25. h4 Kf8 26. Qa2 Bf7
27. Qb3 Qe8 28. Bf1 e5 29. Qb1 Be6 30. c5 bxc5 31. Bxa6 Rb8
32. Bf1 Qf7 33. Rd2 c4 34. Rdc2 c3 35. b5 Bb3 36. Rxc3 Ba2
37. Qb4 Nxc3 38. Rxc3 Kg8 39. a4 d5 40. Rc2 d4 41. Rxa2 Rdc8
42. Rb2 1-0

[Event "Bled Olympiad"]
[Site "Bled SLO"]
[Date "2002.11.01"]
[EventDate "2002.10.26"]
[Round "7"]
[Result "1-0"]
[White "Al-Rakib Abdulla"]
[Black "Ilir Seitaj"]
[WhiteElo "2398"]
[BlackElo "2406"]
[PlyCount "187"]

1. d4 d5 2. c4 e6 3. Nc3 c5 4. cxd5 exd5 5. Nf3 Nc6 6. Bg5 Be7
7. Bxe7 Ngxe7 8. dxc5 d4 9. Ne4 O-O 10. g3 Qd5 11. Ned2 Qxc5
12. Bg2 Bg4 13. O-O Rad8 14. Nb3 Qb6 15. Qd2 Be6 16. Nc1 Rfe8
17. Nd3 Nd5 18. Rfd1 Nf6 19. Nh4 h6 20. Rdc1 Bd5 21. Rc2 Ne4
22. Qe1 Nf6 23. Qd2 Be4 24. Rac1 Re7 25. Bh3 Rde8 26. Nf5 Bxf5
27. Bxf5 Qb5 28. Rc5 Qa6 29. Nf4 Qxa2 30. Bd3 Ne4 31. Bxe4
Rxe4 32. Qd3 R4e5 33. Qb5 Rxc5 34. Rxc5 Qb1+ 35. Kg2 Qe4+
36. Kg1 Qe7 37. Rc2 a6 38. Qb6 Qe4 39. Rd2 Re7 40. Qc5 Kh7
41. Nd3 a5 42. Qb5 g6 43. Qc4 h5 44. h4 Re6 45. Nc5 Qb1+
46. Kg2 Rf6 47. f3 Qe1 48. Rc2 Qb4 49. Ne4 Rf5 50. Qxb4 axb4
51. Nd6 Ra5 52. Nxb7 Ra6 53. Nc5 Ra2 54. Nb3 Na5 55. Nxa5 Rxa5
56. Rc4 Rd5 57. Rxb4 d3 58. exd3 Rxd3 59. Kf2 Rd2+ 60. Ke3 Rg2
61. Kf4 Kg7 62. Rb6 Rc2 63. b3 Rb2 64. Ke4 Rg2 65. Kf4 Rb2
66. b4 Rb1 67. Rb8 Kf6 68. Rb6+ Kg7 69. g4 hxg4 70. fxg4 Rf1+
71. Kg3 Rg1+ 72. Kf3 Rh1 73. Rc6 Rxh4 74. b5 Rh3+ 75. Ke4 Rb3
76. b6 Rb4+ 77. Kd5 Rxg4 78. Rc4 Rg1 79. Rb4 Rd1+ 80. Kc6 Rc1+
81. Kb5 Rc8 82. b7 Rb8 83. Kc6 g5 84. Kc7 Rxb7+ 85. Kxb7 Kg6
86. Kc6 Kf5 87. Kd5 g4 88. Kd4 Kf4 89. Rb1 Kf3 90. Kd3 Kf2
91. Ke4 f5+ 92. Kf4 Kg2 93. Rb2+ Kh3 94. Rc2 1-0

[Event "Bled Olympiad"]
[Site "Bled SLO"]
[Date "2002.11.01"]
[EventDate "2002.10.26"]
[Round "7"]
[Result "1-0"]
[White "Erald Dervishi"]
[Black "Niaz Murshed"]
[WhiteElo "2513"]
[BlackElo "2443"]
[PlyCount "109"]

1. e4 d6 2. d4 Nf6 3. Nc3 g6 4. Nf3 Bg7 5. Be2 O-O 6. O-O c6
7. h3 Qc7 8. a4 Nbd7 9. a5 e5 10. Be3 exd4 11. Bxd4 Re8
12. Bc4 Nf8 13. Re1 Ne6 14. Be3 Nd7 15. Nd4 Nec5 16. Bf4 Ne5
17. Ba2 Rb8 18. b4 Ne6 19. Be3 Ra8 20. f4 Nxd4 21. Bxd4 Rd8
22. Kh1 Be6 23. Qe2 Bxa2 24. Rxa2 Nd7 25. Bxg7 Kxg7 26. Qf2
Nf6 27. Raa1 Qe7 28. Rad1 Kg8 29. Rd3 Qe6 30. Qd4 Nh5 31. Qe3
Qf6 32. Ne2 Re8 33. g4 Qh4 34. Rdd1 Ng7 35. Qg3 Qf6 36. Nc3
Rad8 37. Rf1 h5 38. Rd3 hxg4 39. hxg4 g5 40. Rdf3 Rd7 41. R1f2
gxf4 42. Rxf4 Qg5 43. Qh3 Re6 44. Rh2 Kf8 45. Rf1 Rf6 46. Rxf6
Qxf6 47. g5 Qf4 48. Rg2 Qf1+ 49. Kh2 Qf4+ 50. Kg1 Qc1+ 51. Kf2
Ne6 52. Qh8+ Ke7 53. Qf6+ Kf8 54. Ne2 Qxc2 55. Rh2 1-0

[Event "Bled Olympiad"]
[Site "Bled SLO"]
[Date "2002.11.01"]
[EventDate "2002.10.26"]
[Round "7"]
[Result "1-0"]
[White "Dario Alzate"]
[Black "Jose Manuel Dominguez"]
[WhiteElo "2432"]
[BlackElo "2323"]
[PlyCount "111"]

1. e4 e5 2. Nf3 Nc6 3. Bb5 g6 4. c3 d6 5. O-O Bg7 6. d4 Bd7
7. Qb3 Nge7 8. dxe5 dxe5 9. Bc4 O-O 10. Qxb7 Na5 11. Qa6 Nxc4
12. Qxc4 Nc8 13. Bg5 Qe8 14. Re1 Bc6 15. Nbd2 Nd6 16. Qe2 h6
17. Bh4 Qe6 18. a4 Rae8 19. Bg3 Bb7 20. Qe3 f5 21. exf5 Nxf5
22. Qxa7 Qc6 23. Ne4 Nxg3 24. hxg3 Ra8 25. Qc5 Rxa4 26. Qxc6
Bxc6 27. Rxa4 Bxa4 28. Nc5 Bc2 29. Nxe5 Re8 30. Ned3 Rxe1+
31. Nxe1 Bf5 32. f3 h5 33. Kf2 Kf7 34. Ke3 Be5 35. f4 Bd6
36. Ne4 Be7 37. Nf3 c5 38. c4 Bf8 39. b3 Ke6 40. Nh4 Kf7
41. Ng5+ Ke7 42. Nxf5+ gxf5 43. Nf3 Ke6 44. Kd3 Bg7 45. Kc2
Bf6 46. Ne5 Bxe5 47. fxe5 Kxe5 48. b4 cxb4 49. Kb3 f4
50. gxf4+ Kxf4 51. c5 Ke5 52. Kxb4 Ke6 53. Kb5 Kd7 54. Kb6 Kc8
55. g3 Kb8 56. c6 1-0

[Event "Bled Olympiad"]
[Site "Bled SLO"]
[Date "2002.11.01"]
[EventDate "2002.10.26"]
[Round "7"]
[Result "1/2-1/2"]
[White "Morteza Mahjoob"]
[Black "Primoz Soln"]
[WhiteElo "2393"]
[BlackElo "2405"]
[PlyCount "102"]

1. e4 e6 2. d4 d5 3. Nd2 Nf6 4. e5 Nfd7 5. Bd3 c5 6. c3 Nc6
7. Ngf3 g6 8. O-O Bg7 9. Re1 O-O 10. Nf1 cxd4 11. cxd4 Qb6
12. Bc2 f6 13. exf6 Nxf6 14. Ba4 Ne4 15. Bxc6 bxc6 16. Ng3 e5
17. Nxe4 dxe4 18. Nxe5 c5 19. dxc5 Qf6 20. f4 exf3 21. Qxf3
Qxe5 22. Qb3+ Be6 23. Qxe6+ Qxe6 24. Rxe6 Rae8 25. Rxe8 Rxe8
26. c6 Bd4+ 27. Kf1 Rc8 28. Ke2 Rxc6 29. Kd3 Rd6 30. Ke4 Bf6
31. Be3 Ra6 32. a4 Bxb2 33. Ra2 Bf6 34. Kd5 Be7 35. Bd4 Kf7
36. h3 Rd6+ 37. Kc4 a6 38. Rf2+ Ke8 39. Rf3 Rc6+ 40. Kd5 Rd6+
41. Ke5 Rc6 42. Rb3 Rc4 43. Rb8+ Kf7 44. Rb7 Rc6 45. Kd5 Rd6+
46. Ke4 Re6+ 47. Kd5 Rd6+ 48. Ke4 Re6+ 49. Be5 Rc6 50. Kd5
Rc5+ 51. Ke4 Rc6 1/2-1/2

[Event "Bled Olympiad"]
[Site "Bled SLO"]
[Date "2002.11.01"]
[EventDate "2002.10.26"]
[Round "7"]
[Result "1-0"]
[White "Matjaz Mikac"]
[Black "Shojaat Ghane"]
[WhiteElo "2401"]
[BlackElo "2406"]
[PlyCount "115"]

1. Nf3 d5 2. d4 Nf6 3. e3 Bf5 4. c4 e6 5. Nc3 c6 6. Bd3 Bxd3
7. Qxd3 Nbd7 8. O-O Bb4 9. Bd2 Nb6 10. b3 O-O 11. Rfd1 a5
12. c5 Nbd7 13. a3 Bxc3 14. Bxc3 Ne4 15. b4 Qf6 16. Be1 a4
17. Rab1 Rfe8 18. Rdc1 g5 19. Ne5 Nxe5 20. dxe5 Qf5 21. f3 Nd6
22. Qxf5 Nxf5 23. Kf2 Red8 24. g4 Ne7 25. Bc3 Nc8 26. h4 gxh4
27. Rh1 Na7 28. Rbd1 Nb5 29. Bb2 Kg7 30. Rxh4 Rh8 31. Rh5 h6
32. Rdh1 Rag8 33. f4 Rh7 34. Kf3 Nc7 35. f5 Rgh8 36. Kf4 Ne8
37. e4 dxe4 38. Kxe4 Nc7 39. Bc1 Nd5 40. Bd2 Nc7 41. f6+ Kf8
42. Bxh6+ Ke8 43. Bc1 Rxh5 44. gxh5 Nb5 45. h6 Nc3+ 46. Kd3
Nb5 47. Rg1 Nxa3 48. Bxa3 Rxh6 49. Rg3 Rh5 50. Bb2 Kf8 51. Bc3
Rh1 52. Rg2 Rd1+ 53. Rd2 Rh1 54. Ra2 Rh3+ 55. Kc4 Rh4+ 56. Bd4
Ke8 57. Rxa4 Kd7 58. Ra7 1-0

[Event "Bled Olympiad"]
[Site "Bled SLO"]
[Date "2002.11.01"]
[EventDate "2002.10.26"]
[Round "7"]
[Result "1/2-1/2"]
[White "Marko Tratar"]
[Black "Ehsan Ghaem Maghami"]
[WhiteElo "2471"]
[BlackElo "2511"]
[PlyCount "50"]

1. Nf3 Nf6 2. c4 e6 3. g3 b6 4. Bg2 Bb7 5. O-O c5 6. Nc3 Be7
7. d4 cxd4 8. Qxd4 d6 9. Bg5 a6 10. Bxf6 Bxf6 11. Qf4 Ra7
12. Rfd1 Be7 13. Ne4 Bxe4 14. Qxe4 O-O 15. Qe3 Rd7 16. Nd4 Qc7
17. Rac1 Bf6 18. Qd2 Bxd4 19. Qxd4 Nc6 20. Qd2 Rfd8 21. Rc3
Ne7 22. Qd4 Nf5 23. Qd3 Ne7 24. Qd4 Nf5 25. Qd3 Ne7 1/2-1/2

[Event "Bled Olympiad"]
[Site "Bled SLO"]
[Date "2002.11.01"]
[EventDate "2002.10.26"]
[Round "7"]
[Result "1-0"]
[White "Farrukh Amonatov"]
[Black "Mohamad Naser Al Sayed"]
[WhiteElo "2518"]
[BlackElo "2435"]
[PlyCount "81"]

1. e4 c5 2. Nf3 g6 3. c4 Bg7 4. d4 Qb6 5. dxc5 Qxc5 6. Bd3 d6
7. h3 Qb4+ 8. Nbd2 Nc6 9. O-O Nf6 10. Rb1 O-O 11. a3 Qb6
12. b4 Nd7 13. Nb3 a5 14. Be3 Qc7 15. Nbd4 Nde5 16. Nxc6 Nxc6
17. b5 Nb8 18. b6 Qd8 19. c5 Be6 20. Qe2 Nc6 21. Bb5 dxc5
22. Bxc6 bxc6 23. Bxc5 Rb8 24. Rfd1 Qc8 25. Bxe7 Re8 26. Bd6
Rb7 27. Qc2 h6 28. Nd4 Bd7 29. a4 Bf6 30. Bc7 Rxc7 31. bxc7
Qxc7 32. Nb5 Qd8 33. Nd6 Re7 34. Qc5 Kg7 35. Rb7 Kg8 36. Nc4
Qe8 37. e5 Bg5 38. Qd6 Bc8 39. Rb8 Kg7 40. Nb6 Re6 41. Qd3 1-0

[Event "Bled Olympiad"]
[Site "Bled SLO"]
[Date "2002.11.01"]
[EventDate "2002.10.26"]
[Round "7"]
[Result "1/2-1/2"]
[White "Rafael Emilio Espinosa Flores"]
[Black "Evgeny Vodyasov"]
[WhiteElo "2414"]
[BlackElo "2227"]
[PlyCount "81"]

1. e4 e6 2. d4 d5 3. e5 c5 4. c3 Qb6 5. Nf3 Nc6 6. a3 Nh6
7. b4 cxd4 8. cxd4 Nf5 9. Bb2 Bd7 10. g4 Nfe7 11. Nc3 Na5
12. Na4 Bxa4 13. Qxa4+ Nac6 14. b5 Qa5+ 15. Qxa5 Nxa5 16. Bc3
Nc4 17. Bb4 Rc8 18. Nd2 Nxd2 19. Kxd2 Ng6 20. Bd3 Nf4 21. Rhc1
Rxc1 22. Rxc1 Bxb4+ 23. axb4 Kd7 24. Ra1 Nxd3 25. Kxd3 Ra8
26. b6 Kc6 27. bxa7 Kb6 28. Kc3 Rxa7 29. Rxa7 Kxa7 30. b5 b6
31. Kd3 Kb7 32. Ke3 Kc7 33. Kf4 Kd7 34. Kg5 Ke7 35. h4 Kf8
36. h5 h6+ 37. Kh4 Kg8 38. f4 Kh7 39. f5 exf5 40. gxf5 f6
41. Kg4 1/2-1/2

[Event "Bled Olympiad"]
[Site "Bled SLO"]
[Date "2002.11.01"]
[EventDate "2002.10.26"]
[Round "7"]
[Result "0-1"]
[White "Markku Pukkila"]
[Black "Kenneth Frey Beckman"]
[WhiteElo "2150"]
[BlackElo "2405"]
[PlyCount "98"]

1. e4 e5 2. Nf3 Nc6 3. Bc4 Bc5 4. b4 Bxb4 5. c3 Bc5 6. d4 exd4
7. cxd4 Bb4+ 8. Bd2 Bxd2+ 9. Nbxd2 d6 10. O-O Na5 11. Bd3 Ne7
12. Ng5 f6 13. Nh3 Nac6 14. Qh5+ g6 15. Qh6 Bxh3 16. Qxh3 Nxd4
17. Rab1 Qd7 18. Qe3 c5 19. Qh6 Nec6 20. Rfc1 O-O-O 21. Rc3
Kb8 22. a3 Ka8 23. Bc4 Ne5 24. Bf1 Ng4 25. Qf4 g5 26. Qg3 h5
27. Nb3 h4 28. Qh3 Ne5 29. Qe3 Qa4 30. Nd2 h3 31. g3 g4
32. Kh1 Rh7 33. Nc4 Nef3 34. Qc1 Re7 35. Re3 f5 36. exf5 Nxf5
37. Rxe7 Nxe7 38. Ne3 Qe4 39. Qc2 Qxc2 40. Nxc2 d5 41. Ne3 Nd2
42. Rd1 Nxf1 43. Rxf1 d4 44. Nxg4 c4 45. f4 c3 46. f5 Nxf5
47. Rxf5 c2 48. Rc5 d3 49. Ne3 d2 0-1

[Event "Bled Olympiad"]
[Site "Bled SLO"]
[Date "2002.11.01"]
[EventDate "2002.10.26"]
[Round "7"]
[Result "0-1"]
[White "Bazar Khatanbaatar"]
[Black "Sven P Zeidler"]
[WhiteElo "2439"]
[BlackElo "2275"]
[PlyCount "138"]

1. e4 d5 2. exd5 Qxd5 3. Nc3 Qa5 4. d4 Nf6 5. Nf3 Bg4 6. h3
Bh5 7. g4 Bg6 8. Ne5 e6 9. Nc4 Qa6 10. Ne5 Qa5 11. Bg2 c6
12. Bd2 Nbd7 13. Nxd7 Kxd7 14. d5 exd5 15. Nxd5 Re8+ 16. Ne3
Qa6 17. b3 Kc8 18. c4 Rd8 19. Qc1 Ba3 20. Qc3 Rd3 21. Qa5 Qxa5
22. Bxa5 b6 23. Bd2 Rhd8 24. Bc1 Bb4+ 25. Ke2 Bc3 26. Rb1 Rd2+
27. Bxd2 Rxd2+ 28. Kf3 Bxb1 29. Rxb1 Rxa2 30. Rd1 g6 31. Rd3
Bb4 32. Kg3 Kc7 33. g5 Bd6+ 34. Kf3 Nd7 35. Ng4 f5 36. gxf6 h5
37. Ne3 Ne5+ 38. Ke4 Nxd3 39. Kxd3 Rxf2 40. Be4 Rxf6 41. Nc2
Bc5 42. b4 Bf2 43. b5 c5 44. Ke2 Bd4 45. Bf3 Rf4 46. Bd5 Kd6
47. Bb7 g5 48. Kd3 Bf2 49. Bd5 Ke5 50. Ke2 g4 51. hxg4 hxg4
52. Kd3 Kf5 53. Na3 g3 54. Nc2 Kg4 55. Bg2 Bg1 56. Ne1 Rf8
57. Ke2 Re8+ 58. Kd2 Bd4 59. Nd3 Re3 60. Ne1 Ra3 61. Ke2 Ra2+
62. Kd3 Rxg2 63. Nxg2 Kf3 64. Nh4+ Kf2 65. Ke4 g2 66. Nxg2
Kxg2 67. Kd5 Kf3 68. Kc6 Ke4 69. Kb7 Ke5 0-1

[Event "Bled Olympiad"]
[Site "Bled SLO"]
[Date "2002.11.01"]
[EventDate "2002.10.26"]
[Round "7"]
[Result "0-1"]
[White "G Thibaut"]
[Black "Vasilios Kotronias"]
[WhiteElo "2360"]
[BlackElo "2561"]
[PlyCount "82"]

1. d4 Nf6 2. c4 g6 3. Nc3 Bg7 4. e4 d6 5. f3 O-O 6. Be3 e5
7. d5 c6 8. Bd3 cxd5 9. cxd5 Nh5 10. Nge2 f5 11. exf5 gxf5
12. O-O Nd7 13. Kh1 Nc5 14. Bc2 a5 15. a3 Bd7 16. b4 axb4
17. axb4 Na6 18. Rb1 Qh4 19. Qd2 Nxb4 20. Be4 fxe4 21. Rxb4
Nf4 22. Nxe4 b5 23. Rfb1 Ra6 24. N2c3 Rfa8 25. Bf2 Qh5
26. Nxb5 Ra2 27. Qd1 Bh3 28. Qf1 Bxg2+ 29. Qxg2 Nxg2 30. Kxg2
Rf8 31. R1b3 Qg6+ 32. Kf1 Ra1+ 33. Ke2 Qg2 34. Nd2 Ra2 35. Rd3
Rxd2+ 36. Rxd2 Qxf3+ 37. Ke1 Qh1+ 38. Ke2 Qxh2 39. Ke1 Qh1+
40. Ke2 Qf3+ 41. Ke1 e4 0-1

[Event "Bled Olympiad"]
[Site "Bled SLO"]
[Date "2002.11.01"]
[EventDate "2002.10.26"]
[Round "7"]
[Result "1-0"]
[White "Alberto David"]
[Black "Wong Zi Jing"]
[WhiteElo "2511"]
[BlackElo "2297"]
[PlyCount "105"]

1. d4 Nf6 2. Nf3 c5 3. d5 g6 4. Nc3 d6 5. e4 Bg7 6. Be2 O-O
7. O-O Na6 8. h3 Nc7 9. a4 b6 10. Bf4 Bb7 11. Bc4 a6 12. Qd3
Qd7 13. Rfe1 Rad8 14. Rad1 Qc8 15. Qe3 Rfe8 16. Rd2 Qa8
17. Red1 Nd7 18. e5 b5 19. axb5 Nb6 20. Qe2 Nxc4 21. Qxc4 axb5
22. Nxb5 Qa6 23. Na3 Qxc4 24. Nxc4 dxe5 25. Na5 Ba8 26. Bxe5
Bxe5 27. Nxe5 Rxd5 28. Nec6 Rxd2 29. Rxd2 Ne6 30. Rd7 Kf8
31. c3 Rc8 32. Nxe7 Rc7 33. Rxc7 Nxc7 34. Nc8 Bd5 35. Nb6 Be6
36. Nb7 Na6 37. Na4 c4 38. Na5 Ke7 39. Nb6 Kd6 40. Nbxc4+ Kc5
41. Nd2 Kb5 42. Nab3 Bxb3 43. Nxb3 Kc4 44. Nc1 Nc5 45. Kf1 f5
46. Ke2 g5 47. Ke3 h5 48. g3 Ne6 49. h4 f4+ 50. Ke4 fxg3
51. fxg3 gxh4 52. gxh4 Ng7 53. Ke5 1-0

[Event "Bled Olympiad"]
[Site "Bled SLO"]
[Date "2002.11.01"]
[EventDate "2002.10.26"]
[Round "7"]
[Result "0-1"]
[White "Mejdi Kaabi"]
[Black "Alejandro Ramirez Alvarez"]
[WhiteElo "2383"]
[BlackElo "2421"]
[PlyCount "134"]

1. d4 Nf6 2. c4 g6 3. Nc3 Bg7 4. Nf3 O-O 5. g3 d6 6. Bg2 Nbd7
7. O-O e5 8. e4 Re8 9. h3 c6 10. Re1 Qe7 11. d5 a6 12. b4 Nh5
13. Ba3 a5 14. dxc6 bxc6 15. b5 c5 16. Nd5 Qd8 17. Qd3 Bb7
18. Rad1 Bf8 19. Bc1 Bxd5 20. Qxd5 Nb6 21. Qd3 Qd7 22. Nh2 Qe6
23. Bf1 f5 24. exf5 gxf5 25. g4 Ng7 26. Bg2 Rab8 27. Bd5 Nxd5
28. cxd5 Qd7 29. a4 Be7 30. Kh1 Bf6 31. f3 Bh4 32. Re2 f4
33. Bd2 h5 34. Rg1 Kf7 35. Qe4 Rh8 36. Kg2 Rbg8 37. Kf1 Bg3
38. Be1 Bxe1 39. Rxe1 hxg4 40. Nxg4 Nf5 41. Ke2 Rxh3 42. Kd1
Ng3 43. Rxg3 fxg3 44. Rg1 Rg5 45. Rxg3 Rh1+ 46. Ke2 Qf5
47. Qxf5+ Rxf5 48. Nf2 Ra1 49. Ne4 Ke7 50. Rg7+ Rf7 51. Rg6
Ra2+ 52. Ke3 Ra3+ 53. Ke2 Rfxf3 54. Re6+ Kf8 55. Nxd6 Rfb3
56. Rxe5 Ra2+ 57. Kf1 Rb1+ 58. Re1 Rxe1+ 59. Kxe1 Rxa4 60. Nb7
Rb4 61. Nxa5 Rxb5 62. Nc6 Ke8 63. Kd2 Kd7 64. Kc3 Kd6 65. Kc4
Rb1 66. Kd3 Rb3+ 67. Kc4 Rh3 0-1

[Event "Bled Olympiad"]
[Site "Bled SLO"]
[Date "2002.11.01"]
[EventDate "2002.10.26"]
[Round "7"]
[Result "0-1"]
[White "Leonardo Valdes"]
[Black "Slim Belkhodja"]
[WhiteElo "2426"]
[BlackElo "2497"]
[PlyCount "84"]

1. c4 d6 2. Nc3 g6 3. Nf3 Bg7 4. g3 e5 5. Bg2 Ne7 6. O-O O-O
7. d3 c6 8. Bg5 h6 9. Bd2 d5 10. cxd5 cxd5 11. b4 Be6 12. a4
Nd7 13. a5 Rc8 14. Rc1 a6 15. Qa4 f5 16. e3 Qe8 17. Qa3 Qf7
18. b5 e4 19. Nd4 Bxd4 20. exd4 g5 21. f3 exf3 22. Bxf3 f4
23. Rce1 Rce8 24. gxf4 g4 25. Bg2 Nf5 26. Rxe6 Rxe6 27. Bxd5
Nf6 28. Ba2 Kg7 29. Ne4 Qd7 30. d5 Rxe4 31. dxe4 Nxe4 32. Bb4
Re8 33. b6 Qb5 34. Qb2+ Kg6 35. Rc1 Qd3 36. Be1 Ne3 37. Bf2
Nd1 38. f5+ Kxf5 39. Qg7 Ndxf2 40. Qf7+ Kg5 41. Rf1 Qf3
42. Qxf3 gxf3 0-1

[Event "Bled Olympiad"]
[Site "Bled SLO"]
[Date "2002.11.01"]
[EventDate "2002.10.26"]
[Round "7"]
[Result "1/2-1/2"]
[White "Wisuwat Teerapabpaisit"]
[Black "Jure Borisek"]
[WhiteElo "2188"]
[BlackElo "2401"]
[PlyCount "100"]

1. e4 e5 2. Bc4 Nf6 3. Nc3 Nc6 4. Nf3 Nxe4 5. O-O Be7 6. Nxe4
d5 7. Bxd5 Qxd5 8. Nc3 Qd6 9. Re1 Bg4 10. h3 Bh5 11. Ne4 Qd5
12. Nc3 Qd7 13. Nxe5 Bxd1 14. Nxd7 Bxc2 15. Ne5 Nxe5 16. Rxe5
f6 17. Re1 Rd8 18. d4 Rxd4 19. Nb5 Rd7 20. Nxa7 Kf7 21. Nb5 c6
22. Nc3 Ra8 23. Be3 Bf5 24. a3 g5 25. Red1 Rad8 26. Rxd7 Rxd7
27. Kf1 h5 28. Rd1 Rxd1+ 29. Nxd1 Ke6 30. Bd4 Bd3+ 31. Ke1 Kd5
32. Bc3 Kc4 33. Kd2 Bg6 34. Ne3+ Kb3 35. g3 Be4 36. f3 Bg6
37. g4 h4 38. Nf5 Bxf5 39. gxf5 b5 40. Ke3 Kc4 41. f4 g4
42. hxg4 c5 43. Kf3 b4 44. axb4 cxb4 45. Be1 h3 46. Kg3 Bd6
47. Bd2 Kd3 48. Bxb4 Bxb4 49. Kxh3 Ke4 50. g5 Kd4 1/2-1/2